000 00973nam a2200265Ia 4500
003 OSt
005 20220923211609.0
006 a|||||r|||| 00| 0
007 ta
008 220922b |||||||| |||| 00| 0 hin d
020 _a9789388514873 (hbk)
_c1895
024 _a354,210
037 _b1116, 29/12/2021, Kiran Book Service
_cTextual
040 _aARTS
_cARTS
_bhin
041 _2hin
_ahin
082 _aO152:g, R1
100 _aचौधरी, जंबा एम., ले.
_9160926
245 0 _aहिन्दी साहित्य की आलोचना
246 _aHindī sāhitya kī ālochanā
260 _aजयपुर
_b पैराडाइज पब्लिशर्स
_c2021
300 _a250पृ.
_ccm.
650 _aहिन्दी साहित्य
_9156264
942 _hO152:g, R1
_cTEXL
_2CC
999 _c301198
_d301198